000 00671nam a2200277Ia 4500
005 20250425161932.0
008 250425s9999 xx 000 0 und d
020 _a0137467931
041 _aspa
082 _a658.4033
100 _aGORDON, GILBERT
245 0 _aQUANTITATIVE DECISION MAKING FOR BUSINESS
250 _a3A ED.
260 _aEstados Unidos
_bPRENTICE HALL
_c1990
260 _aS.L.
300 _a667
650 _aCONTROL
650 _aDIRECCION
650 _aMODELOS MATEMATICOS
650 _aNEGOCIOS
650 _aTECNICAS MATEMATICAS
650 _aTOMA DE DECISIONES
710 _aPRENTICE-HALL
942 _c01
010 _a35414
999 _c219149
_d219149